000
00338nam a2200157Ia 4500
100
_a
Ali/Shawkat/A.B.M
650
_a
Datamining
942
_c
BK
366
_f
20
245
_a
Datamining:Methods and techniques
260
_b
Cengage Learning
_c
2009
082
_a
005.74/ALI
_b
ALI
300
_a
299
546
_a
ENGLISH
999
_c
33238
_d
33238